Walt Disney World Quiz #1 - Statistics

General Stats
  • This quiz has been taken 132 times
  • The average score is 6 of 10
Answer Stats
Location Price Range Resort % Correct
Animal Kindom Deluxe Animal Kingdom Lodge
90%
Magic Kingdom Deluxe Contemporary
88%
Magic Kingdom Deluxe Grand Floridian
81%
Magic Kingdom Cabin/Campground Fort Wilderness
67%
Magic Kingdom Deluxe Wilderness Lodge
65%
Animal Kindom Value All Star Music
60%
Animal Kingdom Value All Star Sports
60%
Animal Kindom Value All Star Movies
56%
Animal Kingdom Moderate Coronado Springs
46%
Magic Kingdom Deluxe Polynesian Village
34%
No matching quizzes found
Score Distribution
Percent of People with Each Score
Percentile by Number Answered
Your Score History
You have not taken this quiz